Fruits et légumes en anglais - Statistiques

Statistiques générales
  • Ce quiz a été pris 307 fois
  • Le résultat moyen est 6 sur 15
Statistiques - réponses
Hint Réponse % Correct
Pêche Peach
96%
Poire Pear
89%
Ananas Pineapple
76%
Raisin Grape
65%
Noix Nuts
51%
Aubergine Eggplant
40%
Petits pois Peas
39%
Courgette Zucchini
37%
Mûre Blackberry
32%
Chou-fleur Cauliflower
21%
Poireau Leek
20%
Pamplemousse Grapefruit
17%
Artichaut Artichoke
16%
Mandarine Tangerine
13%
Navet Turnip
10%
Aucun quiz correspondant
Distribution des résultats
% des personnes avec chaque résultat
Percentile par nombre de réponses
Votre historique - résultats
Vous n’avez pas pris ce quiz